Anar al contingut

Случайные процессы методические указания

Разработаны в помощь студентам, выполняющим лабораторные работы по дисциплине «Случайные процессы». В состав методических указаний входят рекомендации по выполнению и оформлению лабораторных работ по темам, связанным с цепями Маркова, марковскими процессами с непрерывным временем, процессами рождени...

Descripció completa

Guardat en:
Dades bibliogràfiques
Autor principal: Лобузов А. А.
Format: Книга
Idioma:Russian
Publicat: Москва РТУ МИРЭА 2021
Accés en línia:https://e.lanbook.com/book/182521
https://e.lanbook.com/img/cover/book/182521.jpg
Etiquetes: Afegir etiqueta
Sense etiquetes, Sigues el primer a etiquetar aquest registre!
LEADER 01924nam0a2200253 i 4500
001 182521
003 RuSpLAN
005 20221220174136.0
008 221220s2021 ru gs 000 0 rus
040 |a RuSpLAN 
041 0 |a rus 
044 |a ru 
080 |a 519.2 
084 |a 22.171  |2 rubbk 
245 0 0 |a Случайные процессы  |b методические указания  |c Лобузов А. А. 
260 |a Москва  |b РТУ МИРЭА  |c 2021 
300 |a 37 с. 
504 |a Библиогр.: доступна в карточке книги, на сайте ЭБС Лань 
520 8 |a Разработаны в помощь студентам, выполняющим лабораторные работы по дисциплине «Случайные процессы». В состав методических указаний входят рекомендации по выполнению и оформлению лабораторных работ по темам, связанным с цепями Маркова, марковскими процессами с непрерывным временем, процессами рождения и гибели, случайными процессами в системах массового обслуживания, а также контрольные вопросы и список литературы. Предназначены для студентов очной формы, обучающихся по направлению подготовки бакалавров 01.03.02 «Прикладная математика и информатика». 
521 8 |a Книга из коллекции РТУ МИРЭА - Математика 
100 1 |a Лобузов А. А. 
856 4 |u https://e.lanbook.com/book/182521 
856 4 8 |u https://e.lanbook.com/img/cover/book/182521.jpg 
953 |a https://e.lanbook.com/img/cover/book/182521.jpg 
Cannot write session to /tmp/vufind_sessions/sess_o8vvgamivq0joeclr49vtait89